Trade Performance in EU27 Member States

Analýza výkonnosti obchodovania u 27 štátoch EÚ. Z analýzy vyplynulo, že Nemecko je vodcom, pokiaľ nové štáty (pripojené v roku 2004) s niektorými starými členskými štátmi sú oneskorencami, keď hovoríme o obchodnej výkonnosti.

Na minha lista:
Detalhes bibliográficos
Autor principal: Grešš, Martin, 1978-
Formato: Capítulo de Livro
Idioma:inglês
Assuntos:
Tags: Adicionar Tag
Sem tags, seja o primeiro a adicionar uma tag!

MARC

LEADER 00000nla a2200000 4500
001 0183654
005 20240502083431.4
041 0 |a eng 
044 |a US 
245 1 0 |a Trade Performance in EU27 Member States  |c Martin Grešš 
520 |a Analýza výkonnosti obchodovania u 27 štátoch EÚ. Z analýzy vyplynulo, že Nemecko je vodcom, pokiaľ nové štáty (pripojené v roku 2004) s niektorými starými členskými štátmi sú oneskorencami, keď hovoríme o obchodnej výkonnosti. 
610 2 0 |a tovar 
610 2 0 |a služby obchodné 
610 2 0 |a vývoz 
610 2 0 |a vývoz služieb 
610 2 0 |a produkt domáci hrubý 
610 2 0 |a obchod 
610 2 0 |a výkonnosť 
610 2 0 |a Európska únia 
100 1 |a Grešš, Martin, 1978-